000 00842cam a22002654a 4500
001 12871523
005 20161012203836.0
008 020726s2003 nyu b 000 0 eng
010 _a 2002031128
020 _a0446679151
040 _aDLC
_cDLC
_dDLC
042 _apcc
100 1 _aWinebrenner, Jan.
245 1 0 _aIntimate faith :
_ba woman's guide to the spiritual disciplines /
_cJan Winebrenner.
260 _aNew York :
_bWarner Books,
_cc2003.
300 _ax, 257 p. :
_c21 cm.
336 _atext
337 _aunmediated
338 _avolume
504 _aIncludes bibliographical references (p. 245-257).
650 0 _aSpiritual life
_xChristianity.
650 0 _aChristian women
_xReligious life.
856 4 2 _3Publisher description
_uhttp://www.loc.gov/catdir/enhancements/fy0914/2002031128-d.html
942 _2lcc
_cBK
999 _c40253
_d40253